000 00409pab a2200145 454500
008 180718b2005 xxu||||| |||| 00| 0 eng d
100 _aFarrell, Henry
245 _aTrust and political economy: institutions and the sources of interfirm cooperation
260 _c2005
300 _ap.459-83.
362 _aJun
650 _aEconomic cooperation
773 _aComparative Political Studies
909 _a65262
999 _c65262
_d65262